Obras escogidas

محفوظ في:
التفاصيل البيبلوغرافية
المؤلف الرئيسي: Cortés, Don Juan Donoso
التنسيق: كتاب
اللغة:Undetermined
منشور في: Buenos Aires, Argentina Difusión 1944
الموضوعات:
الوسوم: إضافة وسم
لا توجد وسوم, كن أول من يضع وسما على هذه التسجيلة!

MARC

LEADER 00000nam a2200000Ia 4500
008 170316s9999 xx 000 0 und d
040 |a cru BVZT 
090 |a 862 C-49o 
100 |a Cortés, Don Juan Donoso 
245 |a Obras escogidas  |c Marqués de Valdegamas, compilador 
260 |a Buenos Aires, Argentina 
260 |b Difusión 
260 |c 1944 
300 |a 374 páginas 
650 |a LITERATURA ESPAÑOLA 
999 |c 9764  |d 9764 
942 |c 15 D  |h 862 C-49o  |2 z